Statystyki dla quiz o samochodach #10

Kliknij tutaj aby rozwiązać quiz!

Ogólne statystyki

  • Ten quiz został rozwiązany 29 razy
  • Średni wynik to 9 z 15

Statystyki odpowiedzi

pytanieodpowiedż% Poprawnych
GolfVolkswagen
88%
TestarossaFerrari
83%
R8Audi
79%
M5BMW
79%
911Porsche
79%
ImprezaSubaru
79%
DiabloLamborghini
75%
Range RoverLand Rover
58%
NSXAcura/Honda
54%
DBSAston-Martin
54%
PhaetonVolkswagen
46%
QuattroporteMaserati
42%
OutbackSubaru
42%
CaptivaChevrolet
21%
AstroChevrolet
13%

Rozkład punktacji

Percentyl według liczby udzielonych odpowiedzi

Procent ludzi z każdym wynikiem

Twoja historia wyników

Nie rozwiązałeś tego quizu